| 000 | 01361nam a2200205Ia 4500 | ||
|---|---|---|---|
| 001 | a1418-36066 | ||
| 003 | IT-MiCISF | ||
| 008 | 161014s9999||||xx |||||||||||||| ||und|| | ||
| 040 |
_aIT-MiCISF _cIT-MiCISF |
||
| 041 | _ait | ||
| 100 | _aCottini Lucio | ||
| 245 | 0 | _aChe cos'è l'autismo infantile | |
| 250 | _a1a ed. | ||
| 260 |
_a Roma _bCarocci _c2002 |
||
| 300 | _app. 155 | ||
| 500 | _a / disturbi-sviluppo, teoria, esperienze, infanzia / L'obbiettivo di questo libro è quello di fare il punto sulle cause, l'evoluzione e le conoscenze attualmente disponibili dell'autismo infantile, realtà quanto mai composita.Va messo in evidenza come, sotto l'etichetta di bambino autistico, si celino situazioni personali che, pur presentando alcuni fattori comuni, risultano del tutto autonome, difficilmente comprensibili e non riducibili ad uno stereotipo descrittivo. Alla luce di ciò, la trattazione sviluppata nel corso del testo intende esaminare i principali punti di forza e quelli di debolezza, tenendo sempre presente la complessità di passare dall'analisi dei sintomi all'interpretazione del comportamento. Per cercare di andare più in profondità, viene anche presentata una visione "dal di dentro", derivata dagli scritti di alcune persone autistiche. | ||
| 650 |
_a Infanzia / salute-cura _e008 |
||
| 942 | _cBK | ||
| 957 | _71 | ||
| 999 |
_a36066 _bsi _g1 _c217818 _d217818 |
||